000 00355nam a2200121Ia 4500
005 20251222144923.0
008 251222s9999||||xx |||||||||||||| ||spa||
082 _a261.7/P27
100 _aPastor, Alfredo
245 0 _a¿Liberación del Pueblo o Proclamación del Evangelio?
264 _bCentro de Información de Estudios y Documentación
942 _cLIB
999 _c22790
_d22790